000 00565nam a2200157 i 4500
001 185667
003 ES-MaACL
005 20230906222505.0
008 160802s1918 fr |||| | fre d
100 1 _aTourneur-Aumont, J. M.
_9160286
245 1 0 _aEtudes de cartographie historique sur l'Alemain :
_brégions du haut Rhim et du haut Danube du IIIe au VIIIe siècle... /
_cJ. M. Tourneur-Aumont.
260 _aParis :
_bCh. Gérissey,
_c1918.
300 _a322 p., 1 h., 3 h. de mapas ;
_c25.
651 4 _aAlemania-
_xMapas.
_9160287
852 _aES-MaACL
_jG-5286
999 _c185667
_d185667